Terror and violence : (Record no. 515918)

000 -LEADER
fixed length control field 00360nam a22001217a 4500
082 ## - DEWEY DECIMAL CLASSIFICATION NUMBER
Classification number TNC Q811 S82
100 ## - MAIN ENTRY--PERSONAL NAME
Personal name Strathern, Andrew (ed.)
9 (RLIN) 22170
245 ## - TITLE STATEMENT
Title Terror and violence :
Remainder of title Imagination and the unimaginable
Statement of responsibility, etc edited by Andrew Strathern
260 ## - PUBLICATION, DISTRIBUTION, ETC. (IMPRINT)
Place of publication, distribution, etc Hyderabad
Name of publisher, distributor, etc Orient
Date of publication, distribution, etc 2006
300 ## - PHYSICAL DESCRIPTION
Extent 250p.
650 ## - SUBJECT ADDED ENTRY--TOPICAL TERM
Topical term or geographic name as entry element Terrorism
9 (RLIN) 22171
650 ## - SUBJECT ADDED ENTRY--TOPICAL TERM
Topical term or geographic name as entry element Violence
9 (RLIN) 22172
Holdings
Withdrawn status Lost status Source of classification or shelving scheme Damaged status Koha normalized classification for sorting Not for loan Permanent location Current location Date acquired Full call number Barcode Date last seen Price effective from Koha item type
        TNC_Q811_S82   Indian Institute of Public Administration Indian Institute of Public Administration 2021-02-11 TNC Q811 S82 GR22294 2021-02-11 2021-02-11 GR

Powered by Koha